000 00813nam a2200265 i 4500
003 DO-SdBNP
005 20240702091619.0
006 a||||fr|||| 00| 0
007 ta
008 240701t2000 ny a|||| |||| 00| m spa d
020 _a0028175514 (edición estudiantil)
040 _aDO-SdBNP
_bspa
_cBNPHU
_erda
041 _heng
082 4 _222
_bG745c
245 0 0 _aGrammar and composition handbook.
264 4 _aNew York, New York :
_bGlencoe McGraw-Hill,
_c©2000
300 _axiv, 641 páginas :
_bilustraciones ;
_c21 cm.
336 _2rdacontent
_atexto
_btxt
337 _2rdamedia
_asin mediación
_bn
338 _2rdacarrier
_avolumen
_bnc
490 _aGlencoe High School ;
_v1
590 _aInventariado 2024 / MF
650 4 _aLinguística
_zEstados Unidos
_xGramática
_93824
942 _2ddc
_cLBS1
999 _c57095
_d57095